| 000 | 00368nam a2200133Ia 4500 | ||
|---|---|---|---|
| 999 |
_c20413 _d20413 |
||
| 082 | _aRP.0183 | ||
| 100 | _aPothen, K.P. | ||
| 245 | 0 | _aSociological study of inter-religious marriages in Malwa (M.P.) | |
| 260 |
_c1989 _bICSSR, New Delhi |
||
| 300 | _a82p. | ||
| 650 | _aINTERMARRIAGE - MADHYA PRADESH - MALWA | ||
| 710 | _aIndore Christian College | ||
| 942 |
_cRP _2ddc |
||